| 000 | 00742nam a2200289Ia 4500 | ||
|---|---|---|---|
| 001 | 22739 | ||
| 003 | IT-RoPAU | ||
| 008 | 130308s9999 xx 000 0 und d | ||
| 040 | _aIT-RoPAU | ||
| 040 | _cIT-RoPAU | ||
| 041 | _aITALIANO | ||
| 100 | _aGranetto Luigi | ||
| 100 | _gCodice Aut. SPICS: 9239 | ||
| 245 | _aIntervista ad Aldo Trionfo | ||
| 245 | _bUna Diabolica Invenzione | ||
| 250 | _a1a ed. | ||
| 260 | _aL'AQUILA | ||
| 260 | _bTeatro Stabile | ||
| 260 | _c1982 [1° Ed.:1982 - Ed.Ling.Originale:1982] | ||
| 300 | _a"11 p. (prefazione: no ; testo: 11 [pagine: 9-19])" | ||
| 650 | _aAUTORI/OPERE DI TEATRO | ||
| 650 | _eCodice materia Spics: 8407 | ||
| 942 | _cBK | ||
| 957 | _71 | ||
| 999 |
_c61690 _d61690 |
||
| 999 | _bSI | ||
| 999 | _g1 | ||